000 00373pab a2200145 454500
008 180718b2001 xxu||||| |||| 00| 0 eng d
100 _aBakos, Yannis
245 _aThe emerging landscape for retail e-commerce
260 _c2001
300 _ap.69-80
362 _aWinter
650 _aElectronic commerce
773 _aJournal of Economic Perspectives
909 _a48511
999 _c48511
_d48511